Người bán mình

সংরক্ষণ করুন:
গ্রন্থ-পঞ্জীর বিবরন
প্রধান লেখক: Angel Maria de Lera
বিন্যাস: গ্রন্থ
ভাষা:Undetermined
প্রকাশিত: Hà Nội Tác phẩm mới 1985
বিষয়গুলি:
ট্যাগগুলো: ট্যাগ যুক্ত করুন
কোনো ট্যাগ নেই, প্রথমজন হিসাবে ট্যাগ করুন!
Thư viện lưu trữ: Trung tâm Học liệu Trường Đại học Cần Thơ
LEADER 00489nam a2200169Ia 4500
001 CTU_15995
008 210402s9999 xx 000 0 und d
082 |a 863 
082 |b D278 
100 |a Angel Maria de Lera 
245 0 |a Người bán mình 
245 0 |c Angel Maria de Lera, Vũ Việt 
260 |a Hà Nội 
260 |b Tác phẩm mới 
260 |c 1985 
650 |a spanish fiction ( vietnamese ) 
980 |a Trung tâm Học liệu Trường Đại học Cần Thơ